STUDY ON SECURITY OF LAND TITING AT SAMPOVPOUN COMMUNE, KOHTHOM DISTRICT, KANDAL PROVINCE. សិក្សាអំពីសុវត្ថិភាពនៃការកាន់កាប់ដីធ្លីរបស់ប្រជាពលរដ្ឋក្រោយទទួលបានប័ណ្ណកម្មសិទ្ធិ នៅឃុំសំពៅពូន ស្រុកកោះធំ ខេត្តកណ្តាល (Record no. 24930)

000 -LEADER
fixed length control field 00810nam a22001337a 4500
040 ## - CATALOGING SOURCE
Transcribing agency RUA
082 ## - DEWEY DECIMAL CLASSIFICATION NUMBER
Classification number LMA SOE 2023 B1-398 Or.1
100 ## - MAIN ENTRY--AUTHOR NAME
Personal name SOEURN SOKHA សឿន សុខា
245 ## - TITLE STATEMENT
Title STUDY ON SECURITY OF LAND TITING AT SAMPOVPOUN COMMUNE, KOHTHOM DISTRICT, KANDAL PROVINCE. សិក្សាអំពីសុវត្ថិភាពនៃការកាន់កាប់ដីធ្លីរបស់ប្រជាពលរដ្ឋក្រោយទទួលបានប័ណ្ណកម្មសិទ្ធិ នៅឃុំសំពៅពូន ស្រុកកោះធំ ខេត្តកណ្តាល
260 ## - PUBLICATION, DISTRIBUTION, ETC. (IMPRINT)
Place of publication RUA
Name of publisher PHNOM PENH
Year of publication 2023
300 ## - PHYSICAL DESCRIPTION
Number of Pages xi
Other physical details ill
Dimensions 29cm
856 ## - ELECTRONIC LOCATION AND ACCESS
Uniform Resource Identifier https://drive.google.com/file/d/1v57iIq0ztfflw7MVfIci774FpyFSV7q6/view?usp=sharing
942 ## - ADDED ENTRY ELEMENTS (KOHA)
Koha item type LMA
952 ## - LOCATION AND ITEM INFORMATION (KOHA)
Withdrawn status [LOCAL, KOHA] 0
952 ## - LOCATION AND ITEM INFORMATION (KOHA)
Withdrawn status [LOCAL, KOHA] 0
Holdings
Permanent Location Date acquired Koha item type Lost status Shelving location Barcode Current Location Full call number
Library Block B2025-05-13LMA B1.398A083118Library Block BLMA SOE 2023 B1-398 Or.1
Library Block B2025-05-13LMA B1.398A082698Library Block BLMA SOE 2023 B1-398 Or.2
មជ្ឈមណ្ឌលឯការនៃសាកលវិទ្យាល័យភូមិន្ទកសិកម្មចំការដូង

Powered by Koha